Extraño castigo / (Record no. 177741)

MARC details
000 -LEADER
campo de control de longitud fija 00830nam a22002415i 4500
001 - NÚMERO DE CONTROL
campo de control 177741
003 - IDENTIFICADOR DE NÚMERO DE CONTROL
campo de control ES-MaACL
005 - FECHA Y HORA DE LA ÚLTIMA TRANSACCIÓN
campo de control 20230906220411.0
008 - DATOS DE LONGITUD FIJA--INFORMACIÓN GENERAL
campo de control de longitud fija 110418s1957 sp |||| | spa d
080 ## - NÚMERO DE LA CLASIFICACIÓN DECIMAL UNIVERSAL
Número de la Clasificación Decimal Universal 821.134.2-31"19"(082.2)
100 1# - ENTRADA PRINCIPAL--NOMBRE DE PERSONA
Nombre de persona Orozco Muñoz, Ricardo.
9 (RLIN) 146219
245 10 - MENCIÓN DEL TÍTULO
Título Extraño castigo /
Mención de responsabilidad, etc. Ricardo Orozco Muñoz .
Resto del título Revelaciones de un náufrago / Manuel Moreno Barranco . La confitería / Luis Molina Santaolalla.
246 3# - FORMA VARIANTE DEL TITULO
Título propio/Titulo breve Revelaciones de un náufrago
260 ## - PUBLICACIÓN, DISTRIBUCIÓN, ETC.
Lugar de publicación, distribución, etc. Madrid :
Nombre del editor, distribuidor, etc. Aguilar,
Fecha de publicación, distribución, etc. 1957.
300 ## - DESCRIPCIÓN FÍSICA
Extensión 504 p. ;
Dimensiones 20 cm.
490 1# - MENCIÓN DE SERIE
Mención de serie Nova navis ;
Designación de volumen o secuencia 7
700 1# - ENTRADA AGREGADA--NOMBRE PERSONAL
Nombre de persona Moreno Barranco, Manuel.
9 (RLIN) 146220
700 1# - ENTRADA AGREGADA--NOMBRE PERSONAL
Nombre de persona Molina Santaolalla, Luis.
9 (RLIN) 81966
740 32 - ENTRADA AGREGADA--TÍTULO RELACIONADO/ANALÍTICO NO CONTROLADO
Título relacionado o analítico no controlado La confitería.
830 1# - PUNTO DE ACCESO ADICIONAL DE SERIE-TÍTULO UNIFORME
Título uniforme Nova navis ;
Designación de volumen o secuencia 7
9 (RLIN) 190579
852 4# - LOCALIZACIÓN
Ubicación ES-MaACL
Número de control de estantería E-14940
Encuadernación Olim P-259
Holdings
Estatus retirado Estado de pérdida Estado de daño No para préstamo Biblioteca de origen Biblioteca actual Ubicación en estantería Fecha de adquisición Fuente de adquisición Total de préstamos Signatura topográfica completa Código de barras Visto por última vez Precio de reemplazo Tipo de ítem Koha
        Biblioteca del Ateneo de Madrid Biblioteca del Ateneo de Madrid Depósito 2 18/04/2011     E-14940 1186722 23/02/2023 23/02/2023 Libro impreso